| 000 | 01441nam a22002297a 4500 | ||
|---|---|---|---|
| 999 |
_c59110 _d59110 |
||
| 003 | Ge_BSU | ||
| 005 | 20221125164302.0 | ||
| 008 | 221125s1973ge xxu||||| |||| 00| 0 geo d | ||
| 041 | _ageo | ||
| 080 | _a821.133.1-31+ 78.071.1(430) +73(450)(092მიქელანჯელო) რ-78 | ||
| 100 |
_aროლანი, რომენ, 1866-1944. _916120 |
||
| 245 |
_aკოლა ბრონიონი : [რომანი] _bბეთჰოვენის ცხოვრება ; მიქელანჯელოს ცხოვრება ; ლექსები / _cმთარგმნ : გ. გეგელია, ნ. იორდანიშვილი, გ. გეგეჭკორი. |
||
| 264 |
_aთბილისი : _bსაბჭოთა საქართველო, _c1973. |
||
| 300 |
_a461 გვ. : _b1 ფ. პორტრ. ; _c20 სმ. |
||
| 440 |
_aმსოფლიო ლიტერატურის ბიბლიოთეკა. 1-ლი სერია ; ტ. 68. _916121 |
||
| 653 | _aმიქელანჯელო. | ||
| 653 | _aბეთჰოვენი, ლუდვიგ ვან. | ||
| 700 |
_aგეგელია, გ _eმთარგმნელი _916122 |
||
| 700 |
_aიორდანიშვილი, ნ _eმთარგმნელი _93095 |
||
| 700 |
_a გეგეჭკორი, გ _eმთარგმნელი _916123 |
||
| 942 |
_2udc _cBK |
||